Most Popular Songs in USA 6/22/2024 - Statistics

General Stats
  • This quiz has been taken 11 times
  • The average score is 9 of 15
Answer Stats
Rank Artist (Version) Answer Streams Radio Airplay Sales % Correct
2. Sabrina Carpenter Please Please Please 49.7 Million 0.5 Million 7.5 Thousand
91%
3. Sabrina Carpenter Espresso 38.1 Million 47.6 Million 28 Thousand
82%
9. Billie Eilish Birds Of A Feather 30.7 Million 2.7 Million 3 Thousand
73%
6. Kendrick Lamar Not Like Us 36.5 Million 35.8 Million 3.5 Thousand
73%
4. Shaboozey A Bar Song (Tipsy) 40 Million 39.6 Million 22 Thousand
64%
11. Benson Boone Beautiful Things 22.2 Million 61.7 Million 6.5 Thousand
64%
13. Taylor Swift, Post Malone Fortnight 16.2 Million 45.6 Million 2 Thousand
55%
8. Eminem Houdini 30.9 Million 10.1 Million 21 Thousand
55%
1. Post Malone, Morgan Wallen I Had Some Help 42.9 Million 66.5 Million 13 Thousand
55%
10. Teddy Swims Lose Control 23.1 Million 68.4 Million 5.5 Thousand
55%
7. Hozier Too Sweet 23.3 Million 69.8 Million 7.5 Thousand
55%
5. Tommy Richman Million Dollar Baby 35.8 Million 45.9 Million 5.5 Thousand
45%
15. Metro Boomin, Future, Kendrick Lamar Like That 18.2 Million 29.4 Million 1 Thousand
36%
12. Zach Bryan Pink Skies 27.6 Million 0.7 Million 5.5 Thousand
36%
14. Billie Eilish Lunch 19.1 Million 20.6 Million 1.5 Thousand
27%
No matching quizzes found
Score Distribution
Percent of People with Each Score
Percentile by Number Answered
Your Score History
You have not taken this quiz